Dohovory Rady Európy

Salvato in:
Dettagli Bibliografici
Natura: Libro
Lingua:slovacco
Pubblicazione: Bratislava Informačná kancelária Rady Európy [2002]
Soggetti:
Tags: Aggiungi Tag
Nessun Tag, puoi essere il primo ad aggiungerne!!

MARC

LEADER 00000nam a2200000 4500
001 c140194
005 20221124091924.8
041 0 |a slo 
044 |a SK 
245 1 0 |a Dohovory Rady Európy 
264 1 |a Bratislava  |b Informačná kancelária Rady Európy  |c [2002] 
300 |a 9 s. 
610 2 0 |a Rada Európy 
610 2 0 |a dohody medzinárodné 
610 2 0 |a dohody obchodné medzinárodné 
610 2 0 |a právo medzinárodné 
610 2 0 |a spolupráca medzinárodná